Дело с ведомостями Костромского губернского по крестьянским делам присутствия о количестве оброков, подлежащих выдаче помещикам ...

Доступно только в Электронных читальных залах Найти на картеНа карте
RUSMARC
00003560nmc2a2200000 x 450
001b2103ea1-78e7-48a3-b957-4701330ca447
00520160106085401.0
100##$a20150318l18831883k l0rusy0189 ca
1010#$arus
102##$aRU
2001#$aДело с ведомостями Костромского губернского по крестьянским делам присутствия о количестве оброков, подлежащих выдаче помещикам с 1 января 1883 года по закону 28 декабря 1881 года
$j18 января - 5 декабря 1883 г.
251##$cДело
300##$aДело
801#0$aRU
$bРГИА
$c20150318
$gRCR
801#1$aRU
$bГлавНИВЦ
$c20150318
$2rusmarc
801#2$aRU
$bПБ им. Б.Н. Ельцина
$c20160106
$gRCR
$2rusmarc
850##$aРГИА
852##$aРГИА
$eФедеральное казенное учреждение "Российский государственный исторический архив" (РГИА)
$j1838
937##$hРГИА
$d11302654
$aASBIBLIO_SCAN
462#0$10013826a62a-52d3-408e-b545-2019664385f0
$12001
$a1861-1895 гг.
$1251
$cОпись
$1852
$j50
461#0$10018ef30ad5-ff5c-4840-a721-74c62a200f95
$12001
$aГлавное выкупное учреждение Министерства финансов
$1251
$cФонд
$1852
$j577
215##$a466 л.
$d36,5х26 см
371##$aДокумент не является опубликованным и широко распространяемым
105##$ay###
1222#$ad
035##$ab2103ea1-78e7-48a3-b957-4701330ca447
Формат отображения